Problems Encountered in Understanding and Appreciating Short Story Among the 4th Year Students of Manggahan National High School/ (Record no. 11199)

MARC details
000 -LEADER
fixed length control field 01234nam a22002657i 4500
003 - CONTROL NUMBER IDENTIFIER
control field URS
005 - DATE AND TIME OF LATEST TRANSACTION
control field 20220117094502.0
008 - FIXED-LENGTH DATA ELEMENTS--GENERAL INFORMATION
fixed length control field 200224b ||||| |||| 00| 0 eng d
050 00 - LIBRARY OF CONGRESS CALL NUMBER
Classification number PN 6014
Item number AR 3 2011
100 1# - MAIN ENTRY--PERSONAL NAME
Personal name Arevalo, Clarissa Espinosa
245 10 - TITLE STATEMENT
Title Problems Encountered in Understanding and Appreciating Short Story Among the 4th Year Students of Manggahan National High School/
Statement of responsibility, etc. Arevalo, Clarissa Espinosa, Aser Balingit Jacobe, Ana Riechel Laforteza Librero, Virgie Tan Mabunga
260 ## - PUBLICATION, DISTRIBUTION, ETC.
Date of publication, distribution, etc. 2011
300 ## - PHYSICAL DESCRIPTION
Extent x, 51 leaves:
Other physical details illustrations,
Dimensions 28 cm.
336 ## - CONTENT TYPE
Source rdacontent
Content type term text
337 ## - MEDIA TYPE
Source rdamedia
Media type term unmediated
338 ## - CARRIER TYPE
Source rdacarrier
Carrier type term volume
502 ## - DISSERTATION NOTE
Dissertation note Undergraduate Study Thesis
Degree type Bachelor of Secondary Education Major in English
Name of granting institution University of Rizal System
Year degree granted 2011
520 ## - SUMMARY, ETC.
Summary, etc. This study was conducted to determine the problems encountered in understanding and appreciating short stories among the fourth year students of Manggahan National High School.
650 ## - SUBJECT ADDED ENTRY--TOPICAL TERM
Source of heading or term Literature--Collections--Composition and exercises
700 1# - ADDED ENTRY--PERSONAL NAME
Personal name Arevalo, Clarrisa Espinosa
700 1# - ADDED ENTRY--PERSONAL NAME
Personal name Mabunga, Virgie Tan
700 1# - ADDED ENTRY--PERSONAL NAME
Personal name Librero, Ana Riechel Laforteza
700 1# - ADDED ENTRY--PERSONAL NAME
Personal name Jacobe, Aser Balingit
942 ## - ADDED ENTRY ELEMENTS (KOHA)
Source of classification or shelving scheme Library of Congress Classification
Koha item type Theses and dissertations
Holdings
Withdrawn status Source of classification or shelving scheme Damaged status Not for loan Home library Current library Shelving location Date acquired Total Checkouts Full call number Barcode Date last seen Price effective from Koha item type
  Library of Congress Classification     Rodriguez College Library Rodriguez Graduate Library Reference 02/24/2020   PN 6014 AR 3 2011 URS-UGT-141 02/24/2020 02/24/2020 Theses and dissertations

University of Rizal System
Email us at univlibservices@urs.edu.ph

Visit our Website www.urs.edu.ph/library